Progress of rubber technology. V 41 (Record no. 36368)

MARC details
000 -LEADER
fixed length control field 00409nam a2200157Ia 4500
082 ## - DEWEY DECIMAL CLASSIFICATION NUMBER
Classification number NR:62
Item number PRO.41
245 #0 - TITLE STATEMENT
Title Progress of rubber technology. V 41
260 ## - PUBLICATION, DISTRIBUTION, ETC. (IMPRINT)
Place of publication London
Name of publisher PRI
Year of publication 1978
650 ## - SUBJECT ADDED ENTRY--TOPICAL TERM
Topical Term Fibre reinforcement
650 ## - SUBJECT ADDED ENTRY--TOPICAL TERM
Topical Term Rubber compounding
650 ## - SUBJECT ADDED ENTRY--TOPICAL TERM
Topical Term Rubber economics
650 ## - SUBJECT ADDED ENTRY--TOPICAL TERM
Topical Term Rubber friction
650 ## - SUBJECT ADDED ENTRY--TOPICAL TERM
Topical Term Vulcanization
942 ## - ADDED ENTRY ELEMENTS (KOHA)
Koha item type Books
Holdings
Withdrawn status Lost status Damaged status Not for loan Home library Current library Date acquired Full call number Accession Number Koha item type
        RRII Library RRII Library 16/12/2021 NR:62 PRO.41 16775 Books